Retail Management - A Strategic Approach (Record no. 15843)

MARC details
000 -LEADER
fixed length control field 00435nam a2200169Ia 4500
008 - FIXED-LENGTH DATA ELEMENTS--GENERAL INFORMATION
fixed length control field 221030s9999 xx 000 0 und d
020 ## - INTERNATIONAL STANDARD BOOK NUMBER
ISBN 8131733769
041 ## - LANGUAGE CODE
Language code of text/sound track or separate title
100 ## - MAIN ENTRY--AUTHOR NAME
Personal name B. Berman
245 #0 - TITLE STATEMENT
Title Retail Management - A Strategic Approach
Statement of responsibility, etc by B. Berman, J. R. Evans
250 ## - EDITION STATEMENT
Edition statement 11th
260 ## - PUBLICATION, DISTRIBUTION, ETC. (IMPRINT)
Name of publisher Pearson Education
Place of publication New Delhi
Year of publication 2013
300 ## - PHYSICAL DESCRIPTION
Number of Pages 652
650 ## - SUBJECT ADDED ENTRY--TOPICAL TERM
Topical Term Management
700 ## - ADDED ENTRY--PERSONAL NAME
Personal name J. R. Evans
942 ## - ADDED ENTRY ELEMENTS (KOHA)
Koha item type Books
Holdings
Accession Number Cost, normal purchase price Bill Date Source of acquisition Price effective from Koha item type Withdrawn / writtenoff status Materials specified (bound volume or other part) Damaged status Not for loan Permanent Location Current Location Shelving location Date acquired Lost/ Missing status department
MBA 2866 775.00 3939 RKB 10/30/2022 Books   Print     MIET Library, Jammu MIET Library, Jammu BL-Aacdemic Block B, FL-2, CUP-115, SH-5, R-5 12/08/2015   MBA
MBA 2867 775.00 3939 RKB 10/30/2022 Books   Print     MIET Library, Jammu MIET Library, Jammu BL-Academic Block B, FL-2, CUP-115, SH-5, R-5 12/08/2015   MBA
MBA 2868 775.00 3939 RKB 10/30/2022 Books   Print     MIET Library, Jammu MIET Library, Jammu BL-Aacdemic Block B, FL-2, CUP-115, SH-5, R-5 12/08/2015   MBA